=LDR 00000nam 2200000 4500 =001 INLIS000000000031484 =005 20130612133543 =008 ***********************************Ind** =035 ##$$0010-061300000031484 =041 ##$$a Ind =082 ##$$a 618.4 =090 ##$$a 618.4, Ark i =100 ##$$a Arkandha, Sumitro =245 ##$$a Ikhtisar pediatrika kesehatan pencegahan dan pengobatan bayi/anak, Dr. Sumitro Arkandha =260 ##$$a 1986 $b Jakarta =300 ##$$a 178 hlm, 21 cm =650 ##$$a Kesehatan =850 ##$$a NBPNMAT =990 ##$$a 0001/BPAP-NTB/2015